[Event "Run Silent, Run Deep"]
[Site "SchemingMind.com"]
[Date "2008.11.06"]
[Round "-"]
[White "C. H. O'D. Schlechter"]
[Black "Clive Everill"]
[Result "1-0"]
[WhiteCountry "USA"]
[BlackCountry "CZE"]
[WhiteElo "2425"]
[WhiteRD "78"]
[BlackElo "1644"]
[BlackRD "50"]
[GameID "177212"]

1. d4 f5 2. g3 e6 3. c4 Nf6 4. Bg2 Bb4+ 5. Nd2 O-O 6. Nf3 Nc6 7. O-O d5 8. c5 Bxd2 9. Bxd2 Ne4 10. Rc1 Nxd2
11. Qxd2 Bd7 12. Rc3 a6 13. Rb3 Rb8 14. Rc3 b5 15. cxb6 cxb6 16. Rfc1 Rc8 17. e3 Qe7 18. Bf1 b5 19. a4 b4 20. Rc5 a5
21. Ba6 Rc7 22. Qc2 Nxd4 23. Nxd4 Rxc5 24. Qxc5 Qe8 25. Qxa5 Bxa4 26. Rc8 Qd7 27. Rxf8+ Kxf8 28. b3
1-0

[Event "Run Silent, Run Deep"]
[Site "SchemingMind.com"]
[Date "2008.11.03"]
[Round "-"]
[White "pawngrabber"]
[Black "JasonY1982"]
[Result "1/2-1/2"]
[WhiteCountry "ENG"]
[BlackCountry "USA"]
[WhiteElo "1882"]
[WhiteRD "80"]
[BlackElo "2046"]
[BlackRD "69"]
[GameID "177514"]

1. d4 Nf6 2. c4 e6 3. Nf3 Bb4+ 4. Bd2 Bxd2+ 5. Nbxd2 O-O 6. e4 d6 7. Bd3 Re8 8. Qc2 e5 9. O-O exd4 10. Nxd4 Nbd7
11. Rae1 Nc5 12. f4 Nxd3 13. Qxd3 Nd7 14. Qg3 Nf6 15. Qg5 h6 16. Qh4 c5 17. N4f3 Be6 18. h3 Nh7 19. Qf2 Qa5 20. a3 Qb6
21. b3 Rad8 22. g4 Qa5 23. g5 Bxh3 24. Qg3 Bxf1 25. gxh6 Qc3 26. e5 g6 27. Ne4 Qd3 28. f5 Kh8 29. fxg6 fxg6 30. Neg5 Nxg5
31. Qxg5 Qf5 32. Rxf1 Qxg5+ 33. Nxg5 dxe5 34. Nf7+ Kh7 35. Nxd8 Rxd8 36. Rf7+ Kxh6 37. Rxb7 Rd3=
1/2-1/2

[Event "Run Silent, Run Deep"]
[Site "SchemingMind.com"]
[Date "2008.11.04"]
[Round "-"]
[White "JasonY1982"]
[Black "pawngrabber"]
[Result "1-0"]
[WhiteCountry "USA"]
[BlackCountry "ENG"]
[WhiteElo "2065"]
[WhiteRD "69"]
[BlackElo "1906"]
[BlackRD "78"]
[GameID "177521"]

1. e4 d6 2. d4 Nf6 3. Nc3 g6 4. f4 Bg7 5. Nf3 c5 6. Bb5+ Bd7 7. Bxd7+ Nfxd7 8. d5 b5 9. Nxb5 Qa5+ 10. Nc3 Bxc3+
11. bxc3 Qxc3+ 12. Bd2 Qc4 13. Qe2 Nb6 14. a4 a5 15. Qxc4 Nxc4 16. Ke2 Nd7 17. Bc3 O-O 18. Kd3 Ncb6 19. h4 c4+ 20. Ke3 Nc5
21. Bd4 Nbxa4 22. h5 Rab8 23. hxg6 fxg6 24. Ng5 h5 25. g4 Nb6 26. gxh5 Nbd7 27. hxg6
1-0

[Event "Run Silent, Run Deep"]
[Site "SchemingMind.com"]
[Date "2008.11.20"]
[Round "-"]
[White "MazetaFighter"]
[Black "toguints"]
[Result "1-0"]
[WhiteCountry "GRE"]
[BlackCountry "PHI"]
[WhiteElo "2069"]
[WhiteRD "70"]
[BlackElo "1507"]
[BlackRD "79"]
[GameID "179467"]

1. e4 c5 2. Nf3 Nc6 3. Bb5 Qc7 4. O-O Nf6 5. Re1 Nd4 6. Nc3 a6 7. Bc4 b6 8. e5 Ng4 9. Nd5 Qd8 10. Nxd4 cxd4
11. Qxg4 f5 12. Qxd4 b5 13. Nf6+ gxf6 14. exf6
1-0

[Event "Run Silent, Run Deep"]
[Site "SchemingMind.com"]
[Date "2008.11.18"]
[Round "-"]
[White "toguints"]
[Black "MazetaFighter"]
[Result "0-1"]
[WhiteCountry "PHI"]
[BlackCountry "GRE"]
[WhiteElo "1403"]
[WhiteRD "72"]
[BlackElo "2054"]
[BlackRD "79"]
[GameID "179472"]

1. d4 Nf6 2. Bg5 c6 3. Bxf6 gxf6 4. Nc3 d5 5. Qd2 Bf5 6. Nf3 Nd7 7. O-O-O e5 8. e3 Bh6 9. Bd3 e4 10. Nh4 Be6
11. Be2 Bg5 12. g3 Bxh4 13. gxh4 f5 14. h5 Qf6 15. f3 O-O-O 16. fxe4 fxe4 17. Rdf1 Qe7 18. Bd1 Rhg8 19. Ne2 Bg4 20. Nf4 Bxd1
21. Rxd1 Rg4 22. h3 Rg5 23. Qf2 Rdg8 24. h4 Rg4 25. Rdf1 Nb6 26. b3 a5
0-1

[Event "Run Silent, Run Deep"]
[Site "SchemingMind.com"]
[Date "2008.11.28"]
[Round "-"]
[White "mmccaffe"]
[Black "smothered mate"]
[Result "0-1"]
[WhiteCountry "USA"]
[BlackCountry "POL"]
[WhiteElo "1488"]
[WhiteRD "51"]
[BlackElo "1882"]
[BlackRD "54"]
[GameID "180678"]

1. e4 e5 2. Nf3 Nc6 3. Bb5 a6 4. Ba4 Nf6 5. d3 b5 6. Bb3 Bc5 7. h3 Bb7 8. O-O O-O 9. Nc3 d6 10. Bd2 Na5
11. Qe2 Nxb3 12. axb3 Ba7 13. Kh1 c5 14. Nh2 h6 15. Ng4 Nxg4 16. Qxg4 Qf6
0-1

[Event "Run Silent, Run Deep"]
[Site "SchemingMind.com"]
[Date "2008.11.28"]
[Round "-"]
[White "smothered mate"]
[Black "mmccaffe"]
[Result "1-0"]
[WhiteCountry "POL"]
[BlackCountry "USA"]
[WhiteElo "1882"]
[WhiteRD "54"]
[BlackElo "1488"]
[BlackRD "51"]
[GameID "180684"]

1. e4 e6 2. c4 d5 3. cxd5 exd5 4. Qb3 Nf6 5. Nc3 c6 6. e5 Ne4 7. Nxe4 dxe4 8. Bc4 Qe7 9. d4 Qb4+ 10. Bd2 Qxb3
11. Bxb3 Bf5 12. Ne2 Na6 13. Ng3 g6 14. Nxf5 gxf5 15. a3 h5 16. Bg5 Bh6 17. Bf6
1-0

[Event "Run Silent, Run Deep"]
[Site "SchemingMind.com"]
[Date "2009.01.04"]
[Round "-"]
[White "sthorwall"]
[Black "rodk"]
[Result "1-0"]
[WhiteCountry "USA"]
[BlackCountry "USA"]
[WhiteElo "1763"]
[WhiteRD "56"]
[BlackElo "1605"]
[BlackRD "81"]
[GameID "185598"]

1. e4 c6 2. c4 d5 3. exd5 cxd5 4. d4 Nf6 5. Nc3 e6 6. Nf3 dxc4 7. Bxc4 Be7 8. O-O O-O 9. d5 exd5 10. Nxd5 Nxd5
11. Bxd5 Qc7 12. Ng5 Nc6 13. Bxf7+ Rxf7 14. Nxf7 Kxf7 15. Qf3+ Bf6 16. Qh5+ Kg8 17. Qe8#
1-0

[Event "Run Silent, Run Deep"]
[Site "SchemingMind.com"]
[Date "2009.01.04"]
[Round "-"]
[White "rodk"]
[Black "sthorwall"]
[Result "0-1"]
[WhiteCountry "USA"]
[BlackCountry "USA"]
[WhiteElo "1611"]
[WhiteRD "81"]
[BlackElo "1791"]
[BlackRD "53"]
[GameID "185606"]

1. Nf3 Nf6 2. g3 g6 3. Bg2 Bg7 4. O-O O-O 5. e4 Nxe4 6. d3 Nf6 7. c4 d5 8. Nc3 d4 9. Ne2 Nc6 10. a3 Qd6
11. b4 e5 12. b5 Na5 13. Bd2 b6 14. Bb4 Qd8 15. Bxf8 Kxf8 16. Nxe5 Rb8 17. Re1 Qd6 18. Nc6 Nxc6 19. Bxc6 a6 20. a4 Bh6
21. Nc1 Be6 22. Nb3 Bg7 23. a5 axb5 24. Bxb5 c6 25. axb6 cxb5 26. cxb5 Qxb6 27. Ra5 Bxb3 28. Qa1 Bd5 29. Qa3+ Kg8 30. Qb4 Nd7
31. Rb1 Qe6 32. Ra6 Qh3
0-1

[Event "Run Silent, Run Deep"]
[Site "SchemingMind.com"]
[Date "2009.01.22"]
[Round "-"]
[White "simon_w"]
[Black "JasonY1982"]
[Result "0-1"]
[WhiteCountry "IRL"]
[BlackCountry "USA"]
[WhiteElo "1844"]
[WhiteRD "72"]
[BlackElo "2035"]
[BlackRD "71"]
[GameID "188523"]

1. e4 e6 2. d4 d5 3. Nd2 Nf6 4. e5 Nfd7 5. c3 c5 6. Bd3 Nc6 7. Ne2 Qb6 8. Nf3 cxd4 9. cxd4 f6 10. exf6 Nxf6
11. O-O Bd6 12. Bf4 Bxf4 13. Nxf4 O-O 14. Rb1 Bd7 15. Re1 Rae8 16. a3 Nxd4 17. Nxd4 e5 18. Nxd5 Qxd4 19. Nxf6+ Rxf6 20. Re3 Ref8
21. Qe2 Rxf2 22. Qe1 Bc6 23. Qxf2 Rxf2 24. Kxf2 Bxg2 25. Ke2 e4 26. Bc2 Bf3+ 27. Rxf3 exf3+ 28. Kxf3 g5
0-1

[Event "Run Silent, Run Deep"]
[Site "SchemingMind.com"]
[Date "2009.01.22"]
[Round "-"]
[White "JasonY1982"]
[Black "simon_w"]
[Result "1/2-1/2"]
[WhiteCountry "USA"]
[BlackCountry "IRL"]
[WhiteElo "2035"]
[WhiteRD "71"]
[BlackElo "1844"]
[BlackRD "72"]
[GameID "188529"]

1. e4 c5 2. Nf3 d6 3. d4 cxd4 4. Nxd4 Nf6 5. Nc3 a6 6. Be3 e5 7. Nb3 Be7 8. f3 Be6 9. Qd2 h5 10. O-O-O Nbd7
11. Kb1 Rc8 12. Nd5 Bxd5 13. exd5 Nb6 14. Qa5 Qc7 15. c3 Nc4 16. Qxc7 Rxc7 17. Bxc4 Rxc4 18. Na5 Rc7 19. c4 Nd7 20. Rhe1 O-O
21. Re2 f5 22. a3=
1/2-1/2

[Event "Run Silent, Run Deep"]
[Site "SchemingMind.com"]
[Date "2009.01.28"]
[Round "-"]
[White "C. H. O'D. Schlechter"]
[Black "smothered mate"]
[Result "1-0"]
[WhiteCountry "USA"]
[BlackCountry "POL"]
[WhiteElo "2428"]
[WhiteRD "79"]
[BlackElo "1878"]
[BlackRD "51"]
[GameID "188793"]

1. e4 e5 2. Nf3 Nc6 3. Bc4 Bc5 4. b4 Bxb4 5. c3 Bc5 6. d4 exd4 7. O-O Nge7 8. cxd4 Bb6 9. Ng5 d5 10. exd5 Nxd5
11. Nxf7 Kxf7 12. Qh5+ Kf8 13. Ba3+ Nce7 14. Bxd5 g6 15. Qe5
1-0

[Event "Run Silent, Run Deep"]
[Site "SchemingMind.com"]
[Date "2009.01.28"]
[Round "-"]
[White "smothered mate"]
[Black "C. H. O'D. Schlechter"]
[Result "0-1"]
[WhiteCountry "POL"]
[BlackCountry "USA"]
[WhiteElo "1921"]
[WhiteRD "50"]
[BlackElo "2469"]
[BlackRD "74"]
[GameID "188796"]

1. e4 e6 2. d4 d5 3. Nd2 Nf6 4. e5 Nfd7 5. Bd3 c5 6. c3 Nc6 7. Ndf3 cxd4 8. cxd4 f6 9. Qe2 Bb4+ 10. Bd2 Bxd2+
11. Qxd2 fxe5 12. dxe5 Ndxe5 13. Bb5 O-O 14. Nxe5 Nxe5 15. Ne2 Ng4 16. f3 Qb6 17. Nd4 e5 18. fxg4 exd4 19. Be2 Bd7 20. Bf3 Rae8+
21. Kd1 d3 22. Bxd5+ Kh8 23. Bf3 Ba4+ 24. b3 Bxb3+
0-1

[Event "Run Silent, Run Deep"]
[Site "SchemingMind.com"]
[Date "2009.02.17"]
[Round "-"]
[White "MichaelDV"]
[Black "MazetaFighter"]
[Result "1-0"]
[WhiteCountry "SWE"]
[BlackCountry "GRE"]
[WhiteElo "2417"]
[WhiteRD "71"]
[BlackElo "2036"]
[BlackRD "81"]
[GameID "192842"]

1. d4 Nf6 2. Nf3 e6 3. c4 Bb4+ 4. Nbd2 d5 5. e3 O-O 6. a3 Be7 7. Bd3 c5 8. dxc5 Bxc5 9. O-O Nc6 10. b4 Bd6
11. Bb2 Qe7 12. Rc1 Bd7 13. c5 Bc7 14. b5 Nd8 15. Ne5 Be8 16. a4 Nd7 17. Nxd7 Bxd7 18. e4 f5 19. exd5 exd5 20. Qb3 Re8
21. Qxd5+
1-0

[Event "Run Silent, Run Deep"]
[Site "SchemingMind.com"]
[Date "2009.02.18"]
[Round "-"]
[White "MazetaFighter"]
[Black "MichaelDV"]
[Result "0-1"]
[WhiteCountry "GRE"]
[BlackCountry "SWE"]
[WhiteElo "2012"]
[WhiteRD "79"]
[BlackElo "2408"]
[BlackRD "75"]
[GameID "192850"]

1. e4 c5 2. Nf3 e6 3. d4 cxd4 4. Nxd4 Nc6 5. Nc3 Qc7 6. Be3 a6 7. Be2 Nf6 8. O-O Bb4 9. Na4 Be7 10. Bf3 Ne5
11. Nc3 Nc4 12. Qc1 Nxe3 13. Qxe3 d6 14. Rad1 O-O 15. Rfe1 Bd7 16. a3 Rfd8 17. Nb3 Rac8 18. Rd2 Bc6 19. Nd4 Be8 20. Nb3 Nd7
21. Red1 Bf6 22. Rxd6 Be5 23. R6d3 Bxh2+ 24. Kh1 Bf4 25. Qe2 Bg5 26. Kg1 Ne5 27. Rxd8 Rxd8 28. Rxd8 Bxd8 29. Nd2 Bg5
0-1

[Event "Run Silent, Run Deep"]
[Site "SchemingMind.com"]
[Date "2009.03.14"]
[Round "-"]
[White "C. H. O'D. Schlechter"]
[Black "sthorwall"]
[Result "1-0"]
[WhiteCountry "USA"]
[BlackCountry "USA"]
[WhiteElo "2459"]
[WhiteRD "78"]
[BlackElo "1839"]
[BlackRD "57"]
[GameID "195654"]

1. e4 e5 2. Nc3 Nf6 3. g3 Bc5 4. Bg2 O-O 5. Nge2 d6 6. Na4 Nc6 7. d3 Bb6 8. Nxb6 axb6 9. O-O Re8 10. f4 Qe7
11. f5 d5 12. Nc3 Qc5+ 13. Rf2 d4 14. Nd5 Nxd5 15. exd5 Nb4 16. f6 g6 17. Qd2 Kh8 18. Qh6 Rg8 19. Re2 Nxc2 20. Re4 g5
21. Bxg5 Bf5 22. Rc1 Rg6 23. Qh5 Bxe4 24. Bxe4 Rag8 25. Bd2 Qd6 26. Rxc2
1-0

[Event "Run Silent, Run Deep"]
[Site "SchemingMind.com"]
[Date "2009.03.09"]
[Round "-"]
[White "sthorwall"]
[Black "C. H. O'D. Schlechter"]
[Result "0-1"]
[WhiteCountry "USA"]
[BlackCountry "USA"]
[WhiteElo "1839"]
[WhiteRD "57"]
[BlackElo "2459"]
[BlackRD "78"]
[GameID "195659"]

1. e4 e5 2. Nf3 Nc6 3. Bb5 a6 4. Ba4 Nf6 5. O-O Nxe4 6. d4 b5 7. Bb3 d5 8. dxe5 Be6 9. Nbd2 Nc5 10. c3 Bg4
11. Bc2 Qd7 12. b4 Ne6 13. a4 Rb8 14. axb5 axb5 15. Ra6 Be7 16. Re1 O-O 17. Nf1 g6 18. Ne3 Bxf3 19. Qxf3 Nxe5 20. Qxd5 Bd6
21. Nf5 gxf5 22. Rxe5 Rfd8 23. Rxd6 Qxd6 24. Qxd6 Rxd6 25. h3 f4 26. Rf5 Ra8 27. Bxf4 Nxf4 28. Rxf4 Ra3 29. Bxh7+ Kxh7 30. Rxf7+ Kh6
31. Rxc7 Rf6 32. Rc5 Ra2
0-1

[Event "Run Silent, Run Deep"]
[Site "SchemingMind.com"]
[Date "2009.04.22"]
[Round "-"]
[White "JasonY1982"]
[Black "MichaelDV"]
[Result "0-1"]
[WhiteCountry "USA"]
[BlackCountry "SWE"]
[WhiteElo "2021"]
[WhiteRD "79"]
[BlackElo "2421"]
[BlackRD "76"]
[GameID "200843"]

1. d4 Nf6 2. c4 e6 3. Nc3 Bb4 4. Qc2 O-O 5. a3 Bxc3+ 6. Qxc3 b5 7. cxb5 c6 8. e3 cxb5 9. Bxb5 Ne4 10. Qd3 Nd6
11. Ne2 Bb7 12. Nc3 Bxg2 13. Rg1 Bb7 14. e4 Qh4 15. Qg3 Qxg3 16. Rxg3 Nxe4 17. Nxe4 Bxe4 18. Bh6 Bg6 19. Bf4 a6 20. Ba4 Nc6
21. Bxc6 dxc6 22. Rc1 Rac8 23. b4 f6 24. Bd6 Rfd8 25. Bc5 Rd5 26. f4 Rh5 27. Rg2 Rh3 28. Ra1 Be4 29. Rf2 Kf7 30. Re2 Bd5
31. Kd2 Rf3 32. Bd6 Rd8 33. Bc7 Rd7 34. Bb8 Bb3
0-1

[Event "Run Silent, Run Deep"]
[Site "SchemingMind.com"]
[Date "2009.04.22"]
[Round "-"]
[White "MichaelDV"]
[Black "JasonY1982"]
[Result "1-0"]
[WhiteCountry "SWE"]
[BlackCountry "USA"]
[WhiteElo "2421"]
[WhiteRD "76"]
[BlackElo "2021"]
[BlackRD "79"]
[GameID "200849"]

1. d4 Nf6 2. Nf3 d5 3. c4 c6 4. e3 e6 5. b3 Nbd7 6. Bb2 Bb4+ 7. Nbd2 O-O 8. Bd3 b6 9. O-O Bb7 10. e4 dxe4
11. Nxe4 Nxe4 12. Bxe4 Nf6 13. Bc2 Qe7 14. Qd3 g6 15. a3 Bd6 16. Qc3 Kg7 17. Rfe1 Qd8 18. Ne5 Be7 19. Rad1 Rc8 20. g4 h6
21. h4 Kg8 22. Qe3 Kh7 23. h5
1-0

[Event "Run Silent, Run Deep"]
[Site "SchemingMind.com"]
[Date "2009.06.30"]
[Round "-"]
[White "C. H. O'D. Schlechter"]
[Black "MichaelDV"]
[Result "1/2-1/2"]
[WhiteCountry "USA"]
[BlackCountry "SWE"]
[WhiteElo "2444"]
[WhiteRD "79"]
[BlackElo "2409"]
[BlackRD "71"]
[GameID "210155"]

1. e4 c6 2. Nc3 d5 3. Nf3 Bg4 4. h3 Bxf3 5. Qxf3 e6 6. d3 Nf6 7. Bd2 Nbd7 8. g4 h6 9. O-O-O Bd6 10. d4 dxe4
11. Nxe4 Nxe4 12. Qxe4 Qh4 13. f4 O-O-O 14. Be2 Kb8 15. c4 Qf6=
1/2-1/2

[Event "Run Silent, Run Deep"]
[Site "SchemingMind.com"]
[Date "2009.06.30"]
[Round "-"]
[White "MichaelDV"]
[Black "C. H. O'D. Schlechter"]
[Result "0-1"]
[WhiteCountry "SWE"]
[BlackCountry "USA"]
[WhiteElo "2409"]
[WhiteRD "71"]
[BlackElo "2444"]
[BlackRD "79"]
[GameID "210162"]

1. Nf3 d5 2. d4 Nf6 3. c4 c6 4. e3 Bg4 5. Qb3 Qb6 6. Nc3 Bxf3 7. gxf3 e6 8. Bd2 Nbd7 9. Na4 Qxb3 10. axb3 Bd6
0-1